[Event "Challenge"]
[Site "http://www.queenalice.com/game.php?id=1405909"]
[Date "2016.1.24"]
[Round "-"]
[White "mysticchess"]
[Black "dpambakian"]
[Result "1-0"]
[WhiteElo "1713"]
[BlackElo "1404"]

1. e4 e5 2. d3 d6 3. c3 Nf6 4. f3 Nh5 5. Ne2 d5 6. Nd2 dxe4 7. Qa4+ Bd7 8. Qxe4
f6 9. Qxb7 Nc6 10. Qb3 Rb8 11. Qc2 f5 12. Nc4 Bc5 13. Bd2 O-O 14. g3 f4 15. b4
Be7 16. Qb3 fxg3 17. hxg3 Rxf3 18. Nxe5+ Kf8 19. Nxf3 Nxg3 20. Nxg3 Bh4 21. Rg1
Qe7+ 22. Be2 Re8 23. O-O-O Be6 24. Qa4 Nd8 25. Nh5 Bf2 26. Rxg7 Qd6 27. Rxh7 Nf7
28. Bf4 Qb6 29. Nf6 Be3+ 30. Bxe3 Rd8 31. Bxb6 cxb6 32. Qxa7 Ng5 33. Rh8+ Bg8
34. Rxg8# 1-0

[Event "Challenge"]
[Site "http://www.queenalice.com/game.php?id=1405924"]
[Date "2016.1.24"]
[Round "-"]
[White "vivoferreira"]
[Black "mysticchess"]
[Result "0-1"]
[WhiteElo "1669"]
[BlackElo "1737"]

1. e4 e5 2. Nf3 f6 3. Nc3 c6 4. d4 Qe7 5. Be3 d6 6. dxe5 dxe5 7. Bc5 Qxc5 8. Be2
Ne7 9. O-O Ng6 10. Qd2 Nd7 11. Rad1 Qe7 12. Bc4 Nb6 13. Rfe1 Nxc4 14. Qc1 Qe6
15. b3 Ba3 16. Qd2 Nxd2 17. Rxd2 Bb4 18. Red1 Bxc3 19. Rd8+ Ke7 0-1

[Event "Challenge"]
[Site "http://www.queenalice.com/game.php?id=1406525"]
[Date "2016.1.28"]
[Round "-"]
[White "ORNELAS"]
[Black "mysticchess"]
[Result "0-1"]
[WhiteElo "1602"]
[BlackElo "1726"]

1. d4 e6 2. d5 e5 3. Be3 d6 4. c4 c6 5. Qd2 c5 6. Bg5 f6 7. Bh4 Ne7 8. e4 Ng6 9.
Bg3 Na6 10. a3 Be7 11. b4 cxb4 12. axb4 Qc7 13. Na3 Qb6 14. Nf3 Bd7 15. b5 Nc5
16. Rb1 f5 17. Be2 f4 18. O-O fxg3 19. fxg3 Nb3+ 20. Kh1 Nxd2 21. Nxd2 Qa5 22.
Nf3 Qxa3 23. b6 axb6 24. Rxb6 Qe3 25. Rb2 Qxe4 26. Ng1 Qd4 27. Rxb7 Bf5 28. Rd1
Qf2 29. Bf3 O-O 30. Rb3 e4 31. Bh5 Ra2 32. Be2 Ne5 33. Rf1 Qc5 34. Rb7 Ng4 35.
Rxe7 Nf2+ 36. Rxf2 Qxf2 37. h4 Qxg3 38. c5 Qxh4+ 39. Nh3 Rxe2 40. Kg1 Bxh3 41.
cxd6 Re1+ 42. Kh2 Bg4# 0-1

[Event "Challenge"]
[Site "http://www.queenalice.com/game.php?id=1408376"]
[Date "2016.2.9"]
[Round "-"]
[White "mysticchess"]
[Black "magrella"]
[Result "0-1"]
[WhiteElo "1750"]
[BlackElo "1830"]

1. e4 e5 2. d3 d5 3. Nd2 d4 4. h3 Nf6 5. Be2 Bd6 6. Nb3 h6 7. Bf3 O-O 8. Ne2 Nc6
9. a3 Be6 10. Bd2 Bxb3 11. cxb3 a5 12. Ng3 Ne7 13. Qc1 c5 14. O-O Qb6 15. Bd1
Nd7 16. Nh5 Bc7 17. f4 f5 18. Rf3 Ng6 19. Qc4+ Kh8 20. Rg3 exf4 21. Rxg6 Qxg6
22. Nxf4 Bxf4 23. Bxf4 fxe4 24. Bh2 exd3 25. Bg4 Ne5 26. Qxc5 Nxg4 27. hxg4 Qxg4
28. Qc1 Qf5 29. Qd1 Qf2+ 30. Kh1 Qxb2 31. a4 Rac8 32. Rb1 Qc2 33. Ra1 Rf2 34.
Rc1 Qxd1+ 35. Rxd1 d2 36. Bg1 Re2 37. Kh2 Rc1 38. Rxd2 Rxd2 0-1

[Event "Challenge"]
[Site "http://www.queenalice.com/game.php?id=1408379"]
[Date "2016.2.9"]
[Round "-"]
[White "mysticchess"]
[Black "antoniozla"]
[Result "1-0"]
[WhiteElo "1719"]
[BlackElo "1400"]

1. e4 e5 2. d3 h6 3. c3 Nf6 4. Nd2 Bc5 5. h3 O-O 6. Nb3 Bb6 7. Nf3 d6 8. Bd2 Be6
9. Qc1 Nc6 10. Be2 Nh5 11. g4 Nf4 12. Bxf4 exf4 13. Qxf4 Qe8 14. g5 h5 15. g6 f6
16. Nh4 Nd8 17. Bxh5 Qe7 18. O-O-O a6 19. Nf5 Qe8 20. Rhg1 Bxf5 21. exf5 Ba7 22.
Qc4+ Kh8 23. Bf3 b5 24. Qh4+ Kg8 25. Qh7# 1-0

[Event "Challenge"]
[Site "http://www.queenalice.com/game.php?id=1413669"]
[Date "2016.3.16"]
[Round "-"]
[White "mysticchess"]
[Black "magrella"]
[Result "1-0"]
[WhiteElo "1769"]
[BlackElo "1843"]

1. e4 e5 2. d3 c5 3. c3 Nf6 4. h3 Be7 5. Ne2 h6 6. Ng3 d5 7. Qc2 Nc6 8. Be2 Be6
9. Bf3 d4 10. Nd2 O-O 11. Nc4 Bxc4 12. dxc4 d3 13. Qd2 Nh7 14. Nf5 Bg5 15. Ne3
Rb8 16. h4 Bxh4 17. g3 Bg5 18. Qd1 Bxe3 19. Bxe3 b6 20. Qd2 Qf6 21. Bg2 Rbd8 22.
O-O-O Qe6 23. b3 a5 24. Rh2 g5 25. Rdh1 f5 26. Rxh6 Nf6 27. Bxg5 Ne7 28. Bf3 Rd6
29. Kb1 Kg7 30. Bxf6+ Rxf6 31. Qg5+ Kf8 32. Rh8+ Ng8 33. R1h7 Rg6 34. Qxf5+ Qxf5
35. exf5 Rg5 36. Bd5 Rdg6 37. Ra7 Rh6 38. Ra8+ Ke7 39. f6+ Kxf6 40. Rxh6+ Nxh6
41. Kc1 Kf5 42. Kd2 e4 43. Rf8+ Ke5 44. f4+ 1-0

[Event "Challenge"]
[Site "http://www.queenalice.com/game.php?id=1413670"]
[Date "2016.3.16"]
[Round "-"]
[White "mysticchess"]
[Black "ORNELAS"]
[Result "1-0"]
[WhiteElo "1750"]
[BlackElo "1629"]

1. e4 d5 2. c3 dxe4 3. Qa4+ c6 4. Qxe4 e6 5. Nf3 Nf6 6. Qc2 Bc5 7. d4 Bd6 8. h3
O-O 9. Bd3 c5 10. Be3 cxd4 11. Bxd4 e5 12. Be3 Nbd7 13. Nbd2 b6 14. Ne4 Nxe4 15.
Bxe4 Nf6 16. Bxa8 Qc7 17. Be4 Nxe4 18. Qxe4 Bb7 19. Qg4 Bc8 20. Qe4 Bb7 21. Qh4
Bxf3 22. gxf3 Bc5 23. Bh6 gxh6 24. Rg1+ Kh8 25. Qf6# 1-0

[Event "Challenge"]
[Site "http://www.queenalice.com/game.php?id=1413731"]
[Date "2016.3.16"]
[Round "-"]
[White "mysticchess"]
[Black "dpambakian"]
[Result "1-0"]
[WhiteElo "1761"]
[BlackElo "1384"]

1. e4 e5 2. d3 Nc6 3. c3 Bc5 4. h3 Nf6 5. Nf3 O-O 6. Nbd2 d5 7. Qc2 Nh5 8. Nb3
dxe4 9. dxe4 Qd7 10. Nxc5 Qd6 11. Be3 Be6 12. Nxb7 Qe7 13. Bc5 Qd7 14. Bxf8 Qc8
15. Nc5 Qxf8 16. b4 a5 17. Bb5 Na7 18. Be2 Bc8 19. Qb3 Nf4 20. Bf1 Be6 21. Nxe6
Nd3+ 22. Bxd3 Re8 23. Nxf8 Kxf8 24. Ng5 Re7 25. bxa5 Nc6 26. Qb5 Na7 27. Qb8+
Re8 28. Qxa7 c6 29. Qxf7# 1-0

[Event "Challenge"]
[Site "http://www.queenalice.com/game.php?id=1419477"]
[Date "2016.4.22"]
[Round "-"]
[White "mysticchess"]
[Black "frankcasadio"]
[Result "0-1"]
[WhiteElo "1733"]
[BlackElo "2076"]

1. e4 e5 2. d3 Nf6 3. h3 Bc5 4. c3 h6 5. Nd2 d5 6. Qc2 Nc6 7. Ngf3 Be6 8. Nb3
Bb6 9. Be2 Qd7 10. d4 exd4 11. e5 Bf5 12. Bd3 Bxd3 13. Qxd3 Ne4 14. O-O dxc3 15.
bxc3 Qf5 16. Nbd4 Nxd4 17. Nxd4 Qh5 18. e6 Bxd4 19. cxd4 O-O 20. e7 Rfe8 21. Ba3
b6 22. Rac1 c5 23. dxc5 Nxc5 24. Bxc5 bxc5 25. Rxc5 Rxe7 26. Rxd5 Re5 27. Rd7
Ra5 28. Rd1 Qg5 29. Qe4 Rf8 30. a4 Rf5 31. Rxa7 Qf6 32. Rf1 Re5 33. Qc2 Qg5 34.
a5 Rxa5 35. Rc7 Ra3 36. Kh1 Ra6 37. f4 Qg3 38. Rc3 Qg6 39. f5 Qg5 40. Rcf3 Rd6
41. g4 Rfd8 42. Qg2 Rd2 43. Qg3 Re2 44. f6 g6 45. R3f2 Rdd2 46. h4 Qd5+ 47. Kh2
Rxf2+ 48. Rxf2 Rxf2+ 49. Qxf2 Qe5+ 50. Kh3 Qc3+ 51. Kg2 Qc4 52. Kh3 Qc3+ 53. Kg2
Qc6+ 54. Qf3 Qc2+ 55. Kg3 Qb2 56. Qa8+ Kh7 57. Qf3 Qd2 58. h5 Qe1+ 59. Kg2 Qd2+
60. Kg3 Qe1+ 61. Kg2 Qd2+ 62. Qf2 Qg5 63. Qf3 gxh5 64. Qe4+ Qg6 65. Qxg6+ Kxg6
66. gxh5+ Kxh5 67. Kg3 Kg5 68. Kh3 Kxf6 69. Kh4 Kg6 70. Kg4 f5+ 71. Kh4 h5 72.
Kg3 Kg5 73. Kh3 h4 74. Kg2 Kg4 75. Kh2 f4 76. Kg2 f3+ 77. Kf2 h3 0-1

[Event "Challenge"]
[Site "http://www.queenalice.com/game.php?id=1419574"]
[Date "2016.4.24"]
[Round "-"]
[White "mysticchess"]
[Black "princesher"]
[Result "0-1"]
[WhiteElo "1759"]
[BlackElo "1951"]

1. e4 e5 2. d3 f6 3. Nf3 b6 4. Nbd2 Bb7 5. Nh4 g6 6. c3 Bh6 7. Nb3 c5 8. Nd2
Bxd2+ 9. Bxd2 f5 10. g3 fxe4 11. Bg2 d5 12. O-O exd3 13. Re1 e4 14. Qg4 Bc8 15.
Qf4 Nc6 16. Bf1 Nge7 17. Qh6 Kd7 18. c4 dxc4 19. Rxe4 Ba6 20. Bc3 Re8 21. Qxh7
Rg8 22. Qf7 Kc8 23. Qe6+ Qd7 24. Bh3 Qxe6 25. Bxe6+ Kc7 26. Bxg8 Rxg8 27. b3 Nd5
28. Be5+ Nxe5 29. Rxe5 Nb4 30. Nf3 c3 31. Re7+ Kb8 32. a4 d2 33. Rd7 Bb7 34. Ne5
Kc8 35. Rd6 Rd8 36. Rxg6 c2 37. Nf7 d1=R+ 38. Rxd1 Rxd1# 0-1

[Event "Challenge"]
[Site "http://www.queenalice.com/game.php?id=1420306"]
[Date "2016.4.28"]
[Round "-"]
[White "mysticchess"]
[Black "a3035"]
[Result "1-0"]
[WhiteElo "1788"]
[BlackElo "1491"]

1. e4 e5 2. d3 Nc6 3. c3 d6 4. h3 Nf6 5. Nf3 d5 6. Qc2 Be7 7. Nbd2 O-O 8. Nb3
dxe4 9. dxe4 Be6 10. Be2 a5 11. a4 b6 12. Be3 Na7 13. Nxe5 c5 14. Rd1 Qc7 15. f4
Rad8 16. Rc1 Bd7 17. O-O Bc6 18. Nd2 b5 19. axb5 Bxb5 20. c4 Bc6 21. Bf3 h6 22.
Nxc6 Nxc6 23. e5 Nd4 24. Bxd4 cxd4 25. exf6 Bxf6 26. Qd3 Qxf4 27. Bd1 Qe3+ 28.
Qxe3 dxe3 29. Nf3 Rfe8 30. Be2 Rb8 31. Ra1 Ra8 32. Ra2 a4 33. Ne1 Reb8 34. Nd3
Bd4 35. b4 f6 36. b5 Rb6 37. Nb4 Rd6 38. Nd5 Kf7 39. Rf4 Ra7 40. Rxd4 g5 41. b6
Ra5 42. b7 Rd8 43. Re4 Ra7 44. Re7+ Kg6 45. Bd3+ f5 46. Rb2 Rb8 47. Rb6+ Kh5 48.
Be2+ g4 49. Nf4+ Kg5 50. g3 gxh3 51. Rg6# 1-0

[Event "Challenge"]
[Site "http://www.queenalice.com/game.php?id=1420307"]
[Date "2016.4.28"]
[Round "-"]
[White "mysticchess"]
[Black "Diogolopes"]
[Result "0-1"]
[WhiteElo "1718"]
[BlackElo "1648"]

1. e4 e5 2. d3 Nc6 3. c3 f6 4. Nf3 g5 5. Nbd2 g4 6. Nh4 d6 7. Be2 Nh6 8. Nb3 f5
9. g3 f4 10. Bd2 f3 11. Bf1 b6 12. h3 Qe7 13. hxg4 Nxg4 14. Qxf3 Nf6 15. Be3 Bg4
16. Qg2 Bh5 17. Nf5 Qf7 18. f3 a5 19. g4 Bg6 20. g5 a4 21. Nd2 Nd7 22. d4 d5 23.
Bb5 Ne7 24. dxe5 dxe4 25. Nxe4 Nxf5 26. Nf6+ Kd8 27. Bf2 Nxf6 28. gxf6 c5 29. f4
Rc8 30. O-O-O+ Bd6 0-1

[Event "Challenge"]
[Site "http://www.queenalice.com/game.php?id=1420951"]
[Date "2016.5.2"]
[Round "-"]
[White "mysticchess"]
[Black "Jaumins"]
[Result "1-0"]
[WhiteElo "1771"]
[BlackElo "1570"]

1. e4 e5 2. d3 d6 3. c3 Nf6 4. h3 d5 5. Qc2 dxe4 6. dxe4 Bc5 7. Nd2 O-O 8. Nb3
h6 9. Nxc5 b6 10. Nd3 Nxe4 11. Nxe5 Bb7 12. Bd3 Re8 13. Ngf3 Ng5 14. O-O Qf6 15.
Bxg5 hxg5 16. Ng4 Na6 17. Nxf6+ Kf8 18. Nxe8 Rxe8 19. Nxg5 Nc5 20. Bc4 Ne4 21.
Bxf7 1-0

[Event "Challenge"]
[Site "http://www.queenalice.com/game.php?id=1420952"]
[Date "2016.5.2"]
[Round "-"]
[White "mysticchess"]
[Black "pedroingles"]
[Result "0-1"]
[WhiteElo "1751"]
[BlackElo "1705"]

1. e4 e5 2. d3 Nc6 3. c3 Nf6 4. h3 Be7 5. Ne2 O-O 6. Nd2 d5 7. Qc2 Be6 8. Nf3
Bd6 9. Ng3 dxe4 10. dxe4 h6 11. Be3 a6 12. Be2 Na5 13. O-O Nc4 14. Nh4 Nxe3 15.
fxe3 Bc5 16. Rf3 Bd7 17. Raf1 Bc6 18. Bd3 Qe7 19. Ngf5 Qe6 20. b3 Qd7 21. Nxh6+
gxh6 22. Rxf6 Bxe3+ 23. Kh1 Bg5 24. g3 Bxf6 25. Rxf6 Kg7 26. Rf5 Rae8 27. Qe2
Re6 28. Qg4+ Kh7 29. Bf1 Rg8 30. Qf3 Rg7 31. Bg2 Re7 32. Rh5 Re6 33. Qf5+ Kh8
34. Qf3 Qd8 35. Nf5 Rgg6 36. g4 Kh7 37. Nh4 Rgf6 38. Nf5 Qd2 39. g5 Rg6 0-1

[Event "OS INCLIVES"]
[Site "http://www.queenalice.com/game.php?id=1422758"]
[Date "2016.5.13"]
[Round "-"]
[White "adelio"]
[Black "mysticchess"]
[Result "1-0"]
[WhiteElo "1658"]
[BlackElo "1792"]

1. d4 e6 2. c4 c6 3. e4 d6 4. Nc3 h6 5. b4 Nf6 6. Be2 Nbd7 7. h4 Nb6 8. h5 d5 9.
e5 Ne4 10. Nxe4 dxe4 11. a3 Be7 12. g3 Bd7 13. Nh3 c5 14. Nf4 cxb4 15. axb4
Bxb4+ 16. Bd2 Bxd2+ 17. Qxd2 O-O 18. Qe3 Bc6 19. Rh4 g5 20. hxg6 Qe7 21. Rxh6 f5
22. Nh5 Nd7 23. Rh7 Qb4+ 24. Kf1 Rfe8 25. Rh8+ Kxh8 26. Qh6+ Kg8 27. Qg7# 1-0

[Event "OS INCLIVES"]
[Site "http://www.queenalice.com/game.php?id=1422759"]
[Date "2016.5.13"]
[Round "-"]
[White "mysticchess"]
[Black "adelio"]
[Result "0-1"]
[WhiteElo "1684"]
[BlackElo "1735"]

1. e4 a6 2. d3 c5 3. c3 e5 4. Ne2 Be7 5. Ng3 d6 6. Nh5 Kf8 7. Qf3 g6 8. Ng3 h5
9. h4 Bxh4 10. Qe2 Bg4 11. Qc2 Qf6 12. Be3 Nc6 13. Nd2 Nge7 14. Nc4 b5 15. Nb6
Rd8 16. Be2 Kg7 17. O-O-O Bxg3 18. fxg3 g5 19. Qb3 Bxe2 20. Rd2 Bxd3 21. Rxd3 c4
22. Nxc4 bxc4 23. Qxc4 Qe6 24. Qa4 f6 25. Rdd1 a5 26. Rd2 h4 27. Rhd1 hxg3 28.
Bb6 Rd7 29. Rd3 Rb8 30. Bg1 Rc8 31. Rxg3 Nb4 32. Kb1 Nxa2 33. Qxa2 Qxa2+ 34.
Kxa2 a4 35. Rf3 Rc4 36. Rdf1 Rxe4 37. Rxf6 Nd5 38. R6f2 Nxc3+ 39. bxc3 Rc4 40.
Rf3 d5 0-1

[Event "OS INCLIVEIS"]
[Site "http://www.queenalice.com/game.php?id=1422984"]
[Date "2016.5.13"]
[Round "-"]
[White "adelio"]
[Black "mysticchess"]
[Result "1-0"]
[WhiteElo "1720"]
[BlackElo "1699"]

1. b4 e5 2. b5 d6 3. h3 Nd7 4. e4 Nb6 5. a4 a5 6. c4 Nf6 7. Nc3 Bd7 8. d3 Be7 9.
Be2 c6 10. h4 h5 11. Bg5 d5 12. Bxf6 Bxf6 13. Nf3 d4 14. c5 Nc8 15. bxc6 Bxc6
16. Nd5 Bxd5 17. exd5 Qxd5 18. O-O Qxc5 19. Rc1 Qe7 20. Ng5 Bxg5 21. hxg5 Qxg5
22. Rc7 h4 23. Bg4 Nb6 24. f4 Qh6 25. Qe2 O-O 26. Qxe5 Rad8 27. Qh5 Qxh5 28.
Bxh5 g6 29. Be2 Rb8 30. f5 g5 31. Bh5 Nd5 32. Rd7 Nf6 33. Bxf7+ Rxf7 34. Rxd4
Nh5 35. Rg4 Rg7 36. f6 Rg6 37. f7+ 1-0

[Event "Challenge"]
[Site "http://www.queenalice.com/game.php?id=1423755"]
[Date "2016.5.19"]
[Round "-"]
[White "mysticchess"]
[Black "worldwide"]
[Result "0-1"]
[WhiteElo "1731"]
[BlackElo "1812"]

1. e4 e5 2. d3 Nc6 3. c3 d6 4. h3 Nf6 5. Nd2 b6 6. Ngf3 Bb7 7. Nb3 Be7 8. Be3
Qd7 9. Be2 d5 10. Qc2 O-O-O 11. O-O h5 12. Nh4 Nh7 13. Nf5 g5 14. Bxh5 f6 15.
Bg6 Nf8 16. Ng7 Nxg6 17. exd5 Bf8 18. dxc6 Qxc6 19. f3 Bxg7 20. d4 Ne7 21. dxe5
f5 0-1